Gaudí / texto literario, asesoramiento, información técnica y gráfica realizados por Salvador Tarragó
Descripción Física:
125 p. : principalment il., col. ; 24 cm
Materias:
Gaudí, Antoni, -- 1852-1926
MARC
| LEADER | 00000nam a2200000Ia 4500 | ||
|---|---|---|---|
| 001 | 1755 | ||
| 008 | 160829s1974 xx 000 0 cat d | ||
| 080 | |a B-1-274 | ||
| 100 | |a Tarragó, Salvador |9 19900 | ||
| 245 | |a Gaudí / texto literario, asesoramiento, información técnica y gráfica realizados por Salvador Tarragó | ||
| 260 | |a Barcelona : |b Escudo de Oro, |c 1974 | ||
| 300 | |a 125 p. : |b principalment il., col. ; |c 24 cm | ||
| 600 | 1 | 0 | |a Gaudí, Antoni, |d 1852-1926 |9 51678 |
| 901 | |a Arxiu | ||
| 942 | |n 1 | ||
| 952 | |0 0 |1 0 |4 0 |6 B1274 |7 1 |9 41365 |a Arxiu |b Arxiu |d 2016-12-01 |l 0 |o B-1-274 |p 1755 |r 2016-12-01 00:00:00 |w 2016-12-01 |y ARXIU | ||
| 999 | |c 43172 |d 43172 | ||